00775cam a22002173a 45000010005000000030006000050050017000110080041000280400015000690420007000840500007000911000059000982450140001572600029002975060030003265160020003566530060003766530052004368300028004888560041005162614PGUSA20140828083017.0080626s2008||||xxu|||||s|||||000 | eng d aPGUSAbeng adc 4aDA1 aMacaulay, Thomas Babington Macaulay, Baron,d1800-185914aThe History of England, from the Accession of James II — Volume 5h[electronic resource] /cThomas Babington Macaulay, Baron Macaulay bProject Gutenberg,c2008 aPublic domain in the USA. aElectronic text aGreat Britain -- History -- William and Mary, 1689-1702 aGreat Britain -- History -- James II, 1685-1688 0aProject Gutenbergv261440uhttp://www.gutenberg.org/ebooks/2614